| 000 | 01167nam a22002417a 4500 | ||
|---|---|---|---|
| 999 |
_c22125 _d22125 |
||
| 003 | AR-CdUCM | ||
| 008 | 190429b ||||| |||| 00| 0 spa d | ||
| 040 |
_aMUNICIPALIDAD PROVINCIAL DEL CUSCO _cBIBLIOTECA MUNICIPAL DEL CUSCO |
||
| 082 | _aLavoz/N°2/1961 | ||
| 110 |
_aÓrgano de la Sociedad Mutua de Empleados del Cuzco _934646 |
||
| 245 |
_aLa voz del empleado : _bÓrgano de la sociedad mutua de empleados del Cuzco / |
||
| 260 |
_aCuzco : _bH.G. Rozas, _c1961. |
||
| 300 |
_a84 páginas. : _bilustraciones, _c24 cm. |
||
| 440 |
_aLa voz del empleado. _nAño II, N°2, enero 1961. _947492 |
||
| 505 | _aContenido: Luis Héctor Salas T. Comentario a la falta de solución de problemas de interés nacional -- Ruben Sueldo Guevara. Paraíso terrenal -- Colonia vacacional de la sociedad mutua de empleados. -- El Plan de vivienda popular en Ttio. -- Canto al Cuzco y sus piedras sagradas. Luis Nieto Miranda. ... | ||
| 650 |
_aSociedad Cusqueña _947493 |
||
| 650 |
_aHistoria del Cusco _91714 |
||
| 650 |
_aHistoria institucional _947480 |
||
| 650 |
_aSiglo XX _98 |
||
| 700 |
_aDiaz Fernández, Justino _eDirector _947494 |
||
| 942 |
_2ddc _cPP |
||
| 945 | _arac | ||